[Event "GRE-chT 49th"]
[Site "Thessaloniki"]
[Date "2022.08.16"]
[Round "6.10"]
[White "Kiolbasa, Oliwia"]
[Black "Mar, Karmen"]
[Result "1-0"]
[WhiteElo "2383"]
[BlackElo "2007"]
[PlyCount "84"]
[EventDate "2022.08.12"]
[EventType "team-swiss"]
[EventRounds "7"]
[EventCountry "GRE"]
[SourceTitle "CBM 209 Extra"]
[Source "ChessBase"]
[SourceDate "2022.09.30"]
[SourceVersion "1"]
[SourceVersionDate "2022.09.30"]
[SourceQuality "1"]
[WhiteTeam "Zeenon Glyfathas"]
[BlackTeam "Poleyeroe Aso"]
[WhiteTeamCountry "GRE"]
[BlackTeamCountry "GRE"]

1. e4 c5 2. Nf3 e6 3. d4 cxd4 4. Nxd4 Nc6 5. Nc3 Qc7 6. Be3 a6 7. a3 b5 8. Nxc6 Qxc6 9. h4 Bb7 10. h5 h6 11. Bd4 Nf6 12. e5 Nd5 13. Rh3 Nxc3 14. Rxc3 Qe4+ 15. Re3 Qc6 16. Qd2 Be7 17. f4 Rc8 18. Bd3 Qxg2 19. Qxg2 Bxg2 20. Ke2 Bd5 21. Rg3 Bf8 22. b3 Rc7 23. a4 Rg8 24. axb5 axb5 25. Bb6 Rc8 26. Bxb5 Rxc2+ 27. Kd1 Rc8 28. Ra7 Bc6 29. Rc3 Bb4 30. Rc4 Be7 31. Ba6 Rb8 32. Bc7 Ra8 33. Rxa8+ Bxa8 34. Bd6 Bc6 35. b4 Bxd6 36. exd6 f5 37. b5 Bf3+ 38. Kd2 Bxh5 39. Rc8+ Kf7 40. Rxg8 Kxg8 41. Ke3 e5 42. b6 exf4+ 1-0

[Event "GRE-chT 49th"]
[Site "Thessaloniki"]
[Date "2022.08.14"]
[Round "4"]
[White "Mar, Karmen"]
[Black "Jakubowska, Anna"]
[Result "0-1"]
[WhiteElo "2007"]
[BlackElo "2138"]
[PlyCount "124"]
[EventDate "2022.08.12"]
[EventType "team-swiss"]
[EventRounds "7"]
[EventCountry "GRE"]
[SourceTitle "EXT 2024"]
[Source "ChessBase"]
[SourceDate "2023.10.10"]
[SourceVersion "1"]
[SourceVersionDate "2023.10.10"]
[SourceQuality "1"]
[WhiteTeam "Polygyrou ASO"]
[BlackTeam "Treis Asteres"]
[WhiteTeamCountry "GRE"]
[BlackTeamCountry "GRE"]

1. e4 c6 2. d4 d5 3. exd5 cxd5 4. Bd3 Nc6 5. c3 Nf6 6. Bf4 Bg4 7. Qb3 Qd7 8. Nd2 e6 9. Ngf3 Bd6 10. Bxd6 Qxd6 11. 0-0 0-0 12. Rfe1 Qc7 13. Rac1 Rac8 14. Qc2 Qf4 15. Qb1 Bxf3 16. Nxf3 h6 17. Rcd1 a6 18. Qc1 Qxc1 19. Rxc1 Rc7 20. Ne5 Nxe5 21. Rxe5 Rb8 22. Rce1 b5 23. a3 a5 24. f3 g6 25. Ra1 Kf8 26. Ree1 h5 27. g3 Ne8 28. Kf2 Nd6 29. h3 Nc4 30. Re2 b4 31. cxb4 axb4 32. a4 Na5 33. Bb5 Rbc8 34. Ba6 Rc1 35. Rxc1 Rxc1 36. Rd2 Nb3 37. Rd3 Rc2+ 38. Ke3 Rxb2 39. Bb5 Na5 40. Rd2 Rb3+ 41. Ke2 g5 42. Rc2 g4 43. hxg4 hxg4 44. Rc8+ Kg7 45. Ra8 gxf3+ 46. Kf2 Nc4 47. Bxc4 dxc4 48. a5 Ra3 49. Rc8 c3 50. Rc4 b3 51. Rxc3 b2 52. Rxa3 b1Q 53. Rxf3 Qb2+ 54. Ke3 Qc3+ 55. Ke2 Qxd4 56. Rf4 Qe5+ 57. Kf3 Qxa5 58. Rg4+ Kf8 59. Rf4 Qc3+ 60. Kg4 f5+ 61. Kh4 Qh8+ 62. Kg5 Qg7+ 0-1

[Event "GRE-chT 49th"]
[Site "Thessaloniki"]
[Date "2022.08.13"]
[Round "2.4"]
[White "Mar, Karmen"]
[Black "Daulyte Cornette, Deimante"]
[Result "0-1"]
[WhiteElo "2007"]
[BlackElo "2384"]
[PlyCount "128"]
[EventDate "2022.08.12"]
[EventType "team-swiss"]
[EventRounds "7"]
[EventCountry "GRE"]
[SourceTitle "CBM 209 Extra"]
[Source "ChessBase"]
[SourceDate "2022.09.30"]
[SourceVersion "1"]
[SourceVersionDate "2022.09.30"]
[SourceQuality "1"]
[WhiteTeam "Poleyeroe Aso"]
[BlackTeam "Erakleioe"]
[WhiteTeamCountry "GRE"]
[BlackTeamCountry "GRE"]

1. e4 c5 2. Nf3 Nc6 3. Bb5 e5 4. Bxc6 dxc6 5. d3 Bd6 6. 0-0 Ne7 7. a4 a5 8. Na3 Ng6 9. Bg5 f6 10. Be3 Qe7 11. Nc4 Bc7 12. Qe1 0-0 13. Qc3 Be6 14. b3 b6 15. Rfe1 Rfd8 16. Ncd2 Nf8 17. Nf1 Bf7 18. Ng3 g6 19. Qb2 Ne6 20. Ne2 Nd4 21. Nfxd4 cxd4 22. Bd2 Be6 23. Qc1 Bd6 24. f4 Bg4 25. fxe5 Bxe5 26. Bf4 Rf8 27. Ng3 Rae8 28. Qd2 Qc5 29. Rf1 Bd7 30. Rf2 Bxf4 31. Qxf4 Qe5 32. Qxe5 fxe5 33. h3 Rxf2 34. Kxf2 Kf7 35. Nf1 Ke7 36. Nd2 Be6 37. Ke2 Rf8 38. Nf3 Kd6 39. Ng5 Bg8 40. Nf3 Re8 41. Nd2 Kc5 42. Rf1 b5 43. Rf6 bxa4 44. bxa4 Kb4 45. Rxc6 Kxa4 46. Rb6 Rc8 47. Kd1 Rc5 48. Kc1 Ka3 49. Nb1+ Ka4 50. Nd2 Rb5 51. Rxb5 Kxb5 52. Nf3 Kb4 53. Kb2 a4 54. Nxe5 a3+ 55. Kb1 Kc3 56. Nc6 a2+ 57. Ka1 Kxc2 58. Nxd4+ Kxd3 59. Nf3 Kxe4 60. Kb2 Kf4 61. h4 Kg3 62. h5 gxh5 63. Nd4 Kxg2 64. Nf5 Kf3 0-1

[Event "London She Plays To Win 1st"]
[Site "London"]
[Date "2022.04.08"]
[Round "4"]
[White "Mar, Karmen"]
[Black "Schulze, Lara"]
[Result "0-1"]
[WhiteElo "2003"]
[BlackElo "2309"]
[PlyCount "66"]
[EventDate "2022.04.07"]
[EventType "tourn"]
[EventRounds "9"]
[EventCountry "ENG"]
[SourceTitle "CBM 207 Extra"]
[Source "ChessBase"]
[SourceDate "2022.05.31"]
[SourceVersion "1"]
[SourceVersionDate "2022.05.31"]
[SourceQuality "1"]

1. e4 c5 2. Nf3 Nc6 3. Bb5 g6 4. Bxc6 bxc6 5. 0-0 Bg7 6. d3 d6 7. h3 e5 8. Na3 Ne7 9. Be3 0-0 10. Qd2 f5 11. exf5 Bxf5 12. Nh2 Qd7 13. Qe2 Nd5 14. c3 Rae8 15. Nc2 Nf4 16. Bxf4 exf4 17. Qf3 c4 18. Nd4 Bxd3 19. Rfe1 d5 20. Qg4 Qxg4 21. hxg4 Bxd4 22. cxd4 Re4 23. Nf3 Rfe8 24. Ne5 c5 25. Rxe4 dxe4 26. Nd7 cxd4 27. Nf6+ Kf7 28. Nxe8 Kxe8 29. g5 Be2 30. Rc1 Kf7 31. Kh2 d3 32. Rxc4 d2 33. Rxe4 d1Q 0-1

[Event "Cappelle Online (Women) op"]
[Site "Europe Echecs INT"]
[Date "2021.03.08"]
[Round "6"]
[White "Mar, Karmen"]
[Black "Kubicka, Anna"]
[Result "0-1"]
[WhiteElo "2093"]
[BlackElo "2235"]
[PlyCount "100"]
[EventDate "2021.03.08"]
[EventType "swiss (blitz)"]
[EventRounds "11"]
[EventCountry "FRA"]
[SourceTitle "CBM 201 Extra"]
[Source "ChessBase"]
[SourceDate "2021.05.31"]
[SourceVersion "1"]
[SourceVersionDate "2021.05.31"]
[SourceQuality "1"]

1. e4 c5 2. Nf3 d6 3. d4 cxd4 4. Qxd4 a6 5. c4 Nc6 6. Qe3 g6 7. Nc3 Bh6 8. Qd3 Bxc1 9. Rxc1 Nf6 10. h3 0-0 11. Be2 Be6 12. b3 Qa5 13. 0-0 Nb4 14. Qd2 Nc6 15. Rfd1 Kg7 16. Qe3 h6 17. Nd5 Bxd5 18. exd5 Na7 19. g4 b5 20. g5 hxg5 21. Nxg5 Rfe8 22. h4 bxc4 23. bxc4 Qxa2 24. h5 gxh5 25. Qg3 Rg8 26. Bd3 Rab8 27. Rc2 Rb2 28. Rxb2 Qxb2 29. Kh1 Qe5 30. f4 Qb2 31. Ne6+ Kh6 32. Ng5 Ng4 33. Nxf7+ Kg7 34. Ng5 Nf2+ 35. Kg1 Nxd1 36. Ne6+ Kf6 37. Ng5 Qd4+ 38. Kh1 Nf2+ 39. Kg2 Nxd3 40. Nh7+ Kf7 41. Ng5+ Rxg5 42. fxg5 Nf4+ 43. Kf3 Ng6 44. Kg2 Qxc4 45. Qf3+ Qf4 46. Qb3 Nb5 47. Qc2 Qxg5+ 48. Kh2 Qf4+ 49. Kg2 Nd4 50. Qb2 Nf5 0-1

[Event "Cappelle Online (Women) op"]
[Site "Europe Echecs INT"]
[Date "2021.03.08"]
[Round "8"]
[White "Mar, Karmen"]
[Black "Thomas, Anysia"]
[Result "0-1"]
[WhiteElo "2093"]
[BlackElo "2164"]
[PlyCount "88"]
[EventDate "2021.03.08"]
[EventType "swiss (blitz)"]
[EventRounds "11"]
[EventCountry "FRA"]
[SourceTitle "CBM 201 Extra"]
[Source "ChessBase"]
[SourceDate "2021.05.31"]
[SourceVersion "1"]
[SourceVersionDate "2021.05.31"]
[SourceQuality "1"]

1. e4 c5 2. Nf3 g6 3. d4 cxd4 4. Qxd4 Nf6 5. Bb5 a6 6. Ba4 b5 7. Bb3 Nc6 8. Ng5 e6 9. Qe3 Bg7 10. 0-0 0-0 11. Nc3 d6 12. Rd1 Qc7 13. Qg3 Ne5 14. Bf4 Nh5 15. Qh4 h6 16. Bxe5 hxg5 17. Bxd6 Qxd6 18. Qxg5 Qf4 19. Qc5 Bb7 20. Re1 Rac8 21. Qb6 Qc7 22. Qxc7 Rxc7 23. Re3 Nf6 24. f3 Rfc8 25. a3 Nd7 26. Nd1 Ne5 27. Rb1 Nc4 28. Bxc4 Rxc4 29. c3 a5 30. Nf2 b4 31. axb4 axb4 32. Nd1 bxc3 33. bxc3 Ba6 34. Ra1 Bb5 35. Ra5 Be8 36. Ra3 Bf8 37. Rb3 Bc5 38. Kf2 Bxe3+ 39. Kxe3 Ba4 40. Ra3 Bxd1 41. Kd3 Ba4 42. h4 Be8 43. g4 Bb5 44. h5 Rxc3+ 0-1

[Event "Cappelle Online Blitz op"]
[Site "Europe Echecs INT"]
[Date "2021.03.07"]
[Round "2"]
[White "Bellahcene, Bilel"]
[Black "Mar, Karmen"]
[Result "1-0"]
[WhiteElo "2517"]
[BlackElo "2093"]
[PlyCount "87"]
[EventDate "2021.03.07"]
[EventType "swiss (blitz)"]
[EventRounds "11"]
[EventCountry "FRA"]
[SourceTitle "CBM 201 Extra"]
[Source "ChessBase"]
[SourceDate "2021.05.31"]
[SourceVersion "1"]
[SourceVersionDate "2021.05.31"]
[SourceQuality "1"]

1. c4 c6 2. Nf3 d5 3. e3 Nf6 4. Nc3 Bg4 5. cxd5 Nxd5 6. Qb3 Bxf3 7. gxf3 Qb6 8. Qc2 e6 9. a3 Be7 10. h4 Nd7 11. h5 h6 12. Rg1 Bf6 13. Ne4 Rg8 14. Nd6+ Ke7 15. Ne4 Rae8 16. f4 Kd8 17. d4 Kc7 18. Bd2 Kb8 19. Nd6 Ref8 20. b4 Nxf4 21. Nc4 Qc7 22. exf4 Bxd4 23. Rd1 Rd8 24. Be2 Nf6 25. Kf1 Nd5 26. Qe4 Nf6 27. Qf3 Nd5 28. Rg2 Ka8 29. f5 exf5 30. Qxf5 Bf6 31. Bf3 Ne7 32. Qc2 Nd5 33. Na5 Qb6 34. Be1 Nf4 35. Rg4 Rxd1 36. Qxd1 Rd8 37. Qc2 Nd3 38. Re4 Nxe1 39. Rxe1 Bd4 40. Re7 Rb8 41. Nxb7 Rxb7 42. Qxc6 Qxc6 43. Bxc6 Bf6 44. Re8+ 1-0

[Event "Cappelle Online Bullet op"]
[Site "Europe Echecs INT"]
[Date "2021.03.05"]
[Round "7"]
[White "Delorme, Alban"]
[Black "Mar, Karmen"]
[Result "1-0"]
[WhiteElo "2322"]
[BlackElo "2093"]
[PlyCount "85"]
[EventDate "2021.03.05"]
[EventType "swiss (blitz)"]
[EventRounds "15"]
[EventCountry "FRA"]
[SourceTitle "EXT 2022"]
[Source "ChessBase"]
[SourceDate "2021.10.06"]
[SourceVersion "1"]
[SourceVersionDate "2021.10.06"]
[SourceQuality "1"]

1. e4 c5 2. Nf3 d6 3. d4 cxd4 4. Qxd4 a6 5. c4 Nf6 6. Nc3 Nc6 7. Qd2 g6 8. b3 Bg7 9. Bb2 0-0 10. Be2 Qa5 11. Rb1 Nd7 12. 0-0 Nc5 13. Qe3 Ne5 14. h3 Nxf3+ 15. Bxf3 Qc7 16. Nd5 Qd8 17. Bxg7 Kxg7 18. b4 Ne6 19. c5 dxc5 20. bxc5 Nc7 21. Rfd1 Nxd5 22. exd5 Qc7 23. d6 exd6 24. cxd6 Qd7 25. Qd4+ Kg8 26. Bg4 Qc6 27. Bf3 Qd7 28. Bg4 Qc6 29. Rbc1 Qb5 30. d7 Bxd7 31. Bxd7 Qa5 32. h4 Rad8 33. h5 Rxd7 34. Qxd7 Qxa2 35. h6 Qe6 36. Qd4 f6 37. Rc7 Re8 38. Rg7+ Kh8 39. Qd7 Qxd7 40. Rdxd7 g5 41. Rxh7+ Kg8 42. Rdg7+ Kf8 43. Rh8# 1-0

[Event "Cappelle Online Bullet op"]
[Site "Europe Echecs INT"]
[Date "2021.03.05"]
[Round "8"]
[White "Nikolovski, Nikola"]
[Black "Mar, Karmen"]
[Result "1-0"]
[WhiteElo "2454"]
[BlackElo "2093"]
[PlyCount "69"]
[EventDate "2021.03.05"]
[EventType "swiss (blitz)"]
[EventRounds "15"]
[EventCountry "FRA"]
[SourceTitle "EXT 2022"]
[Source "ChessBase"]
[SourceDate "2021.10.06"]
[SourceVersion "1"]
[SourceVersionDate "2021.10.06"]
[SourceQuality "1"]

1. e4 c5 2. Nc3 Nc6 3. f4 d6 4. Nf3 Nf6 5. Bb5 a6 6. Bxc6+ bxc6 7. d3 Bg4 8. 0-0 e6 9. h3 Bxf3 10. Qxf3 Be7 11. e5 dxe5 12. fxe5 Qd4+ 13. Kh1 Qxe5 14. Bf4 Qd4 15. Rae1 Qd7 16. Be5 0-0 17. Qg3 Kh8 18. Ne4 Nh5 19. Qg4 f6 20. Bc3 g6 21. Qf3 Kg8 22. g4 Ng7 23. Bxf6 Kh8 24. Qg2 Rf7 25. Bxg7+ Rxg7 26. Re3 Rf8 27. Ref3 Rxf3 28. Qxf3 Rg8 29. g5 Qe8 30. Nf6 Rf8 31. Nxe8 Rxf3 32. Rxf3 Kg8 33. Nc7 Bxg5 34. Nxe6 Be7 35. Rf4 1-0

[Event "EU-Cup Online Gr-C (Women)"]
[Site "Tornelo INT"]
[Date "2020.12.20"]
[Round "6.1"]
[White "Mar, Karmen"]
[Black "Ptacnikova, Lenka"]
[Result "1-0"]
[WhiteElo "2093"]
[BlackElo "2130"]
[PlyCount "127"]
[EventDate "2020.12.19"]
[EventType "team-tourn (rapid)"]
[EventRounds "7"]
[EventCountry "ISS"]
[SourceTitle "CBM 199 Extra"]
[Source "ChessBase"]
[SourceDate "2021.01.31"]
[SourceVersion "1"]
[SourceVersionDate "2021.01.31"]
[SourceQuality "1"]
[WhiteTeam "Maribor (W)"]
[BlackTeam "Huginn (W)"]
[WhiteTeamCountry "SLO"]
[BlackTeamCountry "ISL"]

1. e4 c5 2. Nf3 Nc6 3. Bb5 g6 4. Bxc6 dxc6 5. 0-0 Bg7 6. d3 Nf6 7. Nc3 Nd7 8. Be3 e5 9. a4 a5 10. Nd2 0-0 11. Nc4 Qe7 12. Qd2 Rd8 13. Bg5 f6 14. Be3 b6 15. f4 Ba6 16. b3 exf4 17. Bxf4 Ra7 18. Rae1 Bxc4 19. bxc4 Rb7 20. Kh1 Qe6 21. Qf2 Re8 22. Qg3 Ne5 23. Bxe5 Qxe5 24. Qxe5 Rxe5 25. Rb1 Re6 26. Rb3 Re8 27. Rfb1 Reb8 28. Rf1 Rf7 29. g3 Bf8 30. Rfb1 Rfb7 31. Rf1 Kg7 32. Kg2 Bd6 33. Rfb1 Be5 34. Ne2 Kf7 35. Kf3 Ke7 36. h4 Kd7 37. Nf4 Rf8 38. Rxb6 Rxb6 39. Rxb6 f5 40. Rb7+ Kd6 41. Rxh7 fxe4+ 42. Kxe4 Bxf4 43. gxf4 Re8+ 44. Kf3 Rb8 45. Rg7 Rb4 46. Rxg6+ Kd7 47. h5 Rxa4 48. h6 Ra1 49. h7 Rh1 50. Rg7+ Kd6 51. Ke4 a4 52. Kf5 a3 53. Kg6 Rg1+ 54. Kf6 Rh1 55. Ra7 a2 56. Kg7 Rg1+ 57. Kf8 Rh1 58. Kg8 Rg1+ 59. Kf7 Rh1 60. Rxa2 Rxh7+ 61. Kf6 Rh2 62. Ra8 Rxc2 63. f5 Rd2 64. Kf7 1-0